00497nam a2200157Ia 4500008004100000020001800041082001500059100002300074245007000097250000800167260004200175300003200217500001900249600002100268650005000289240925s9999 xx 000 0 und d a9788131732458 a004.22 STA aStallings, William 0aComputer Organization and Architecture: designing for performance a8th aNew Delhi:bPearson Educationc,2010. axiii,418u.p.bN.AfOriginal aIncludes Index aComputer Science aComputer science, information & general works